Statistics for Name The Highest Food Export Countries

Click here to take the quiz!

General Stats

  • This quiz has been taken 63 times
  • The average score is 8 of 10

Answer Stats

US Dollars, ThousandsAnswer% Correct
25,152,286China
98%
72,682,349United States
98%
24,114,557France
91%
29,540,218United Kingdom
90%
34,628,800Germany
86%
21,803,448Canada
84%
13,890,507Italy
76%
21,870,881Japan
76%
23,271,570Netherlands
50%
15,742,034Belgium
41%

Score Distribution

Percentile by Number Answered

Percent of People with Each Score

Your Score History

You have not taken this quiz